Fisichellovi chýbala sekunda ... 12. preteky MS 2009 formuly 1 Veľká cena Belgicka

Podrobná bibliografia
Médium: Článok
Jazyk:slovenčina
Fyzický popis:Fotogr., tab.
ISSN:0139-7001
Predmet:

MARC

LEADER 00000nab a2200000 ar4500
001 vtls009947790
003 SK-MaSNL
005 20260303050341.0
008 090907c20090831xo dr|p|||||||000 b|slo
015 |a SNBRB2008/10  |2 snkbucl 
038 |a SNKBUCL 
040 |a SNKBUCL  |b slo  |c SNKBUCL  |e AACR2 
041 0 |a slo 
044 |a xo  |c SK 
080 |a 796.71.093.1  |2 2001 
245 0 0 |a Fisichellovi chýbala sekunda ...  |b 12. preteky MS 2009 formuly 1 Veľká cena Belgicka 
300 |b Fotogr., tab. 
611 2 7 |a Veľká cena Belgicka monopostov F1  |d (2009)  |2 snkbucl  |9 1038371 
650 0 7 |a automobilizmus  |2 snkbucl  |9 13242 
650 0 7 |a automobily F1  |2 snkbucl  |9 872140 
773 0 |t Šport  |g Roč. 63, č. 201 (31.8.2009), s. 38  |x 0139-7001 
852 |a SNK  |b KIS3GCP 
999 |c 1707113  |d 1709043